Mafiosos [juego] /
Guardado en:
| Formato: | Objeto Físico |
|---|---|
| Publicado: |
Argentina :
The toy company,
[200?]
|
| Materias: | |
| Etiquetas: |
Agregar Etiqueta
Sin Etiquetas, Sea el primero en etiquetar este registro!
|
| LEADER | 00880nrm a22001575g 4500 | ||
|---|---|---|---|
| 001 | CEM.cems019456 | ||
| 008 | 130507b200?##################0###0#####d | ||
| 005 | 20220830184228.0 | ||
| 245 | 0 | 0 | |a Mafiosos [juego] / |c Toyco |
| 260 | |a Argentina : |b The toy company, |c [200?] | ||
| 300 | |a 1 juego (1tablero de juego, 60 cartas, 48 peones mafiosos de 6 colores diferentes, 6 portafolios, billetes, 6 tarjetas de resumen, 18 fichas para dormir) ; en caja 37 x 27 x 6 cm. + manual de instrucciones. | ||
| 500 | |a Para 3 a 6 jugadores a partir de 8 años objetivo: hay que elegir al jefe máximo de la mafia, alcanza la máxima cantidad de dinero evitando que explote el portafolio cerca tuyo y arriba con vida al final del juego. | ||
| 082 | 0 | 4 | |a J793.9 |
| 653 | |a 1. juegos de manejo de dinero | ||
| 653 | |a 2. juegos de entretenimiento general | ||
| 859 | |a CEMS |b BIB. CEMS - Ludoteca |h J793.9 |i T668 |p 257.02 |t Ej.1 | ||
